000 00730nam a2200253 i 4500
001 000044426
003 DO-SdBNP
005 20231207071646.0
007 ta
008 140630s2000 dr a 000 0 spa d
020 _a8493054712
040 _aDO-SdBNP
_bspa
_cBNPHU
_erda
082 _bP659
_222
100 1 _aCollins de Colado, Mary
_eautora
_951947
245 1 0 _aPinta ilustra No. 5 /
_cMary Collins de Colado.
264 _aSanto Domingo :
_bCromática Impresoa,
_c2000.
300 _a64 paginas :
_bilustraciones ;
_c27 cm.
336 _2rdacontent
_atexto
_btxt
337 _2rdamedia
_asin mediación
_bn
338 _2rdacarrier
_avolumen
_bnc
590 _aInventariado, 2023 / DG
910 _aDG
942 _2ddc
_cLBS1
999 _c43915
_d43915